00687nam a22002177a 450000500170000001000230001702000260004002000230006603500280008903700130011708200130013010000200014324501080016325000110027126000400028227000620032230000240038450000200040870000230042870000180045120230310140413.0 a1617EN ENG-136265 c715.00a9789352602117 c715.00a9352602110 aB-654032-034 EN-119797 bABCadpl a658.4052 aLewicki, Roy J. aNegotiation :cby Roy J. Lewicki, David M. Saunders [and] Bruce Barrybreadings, exercises and cases /  a6th ed aNoida bMcGraw Hill Educationc2016 aB-4, Sector - 63, Gautam Budh Nagar, bNoida (UP)e201301 ax,708p. c24cm(pbk) aIncludes index  aSaunders, David M. aBarry, Bruce